Polizeiwissenschaft, Sprachwissenschaft und Sozialwissenschaften: Fragen der disziplinären Identität und Interdisziplinarität
| 1. VerfasserIn: | |
|---|---|
| Medienart: | Druck Buch |
| Sprache: | Deutsch |
| Veröffentlicht: |
Rothenburg/Oberlausitz
Eigenverl. der Hochschule der Sächsischen Polizei (FH)
2014
|
| In: |
Rothenburger Beiträge (72)
Jahr: 2014 |
| Online-Zugang: |
Inhaltsverzeichnis |
| Bestand in Tübingen: | In Tübingen vorhanden. IFK: S 168 72 |
| Verfügbarkeit prüfen: | HBZ Gateway |
| Subito Bestelldienst: | Jetzt bestellen. |
| Schlagwörter: |
MARC
| LEADER | 00000cam a2200000 c 4500 | ||
|---|---|---|---|
| 001 | 812810120 | ||
| 003 | DE-627 | ||
| 005 | 20251224194348.0 | ||
| 007 | tu | ||
| 008 | 141216s2014 gw ||||| 00| ||ger c | ||
| 020 | |a 9783938015513 |9 978-3-938015-51-3 | ||
| 035 | |a (DE-627)812810120 | ||
| 035 | |a (DE-576)422857750 | ||
| 035 | |a (DE-599)GBV812810120 | ||
| 035 | |a (OCoLC)899749528 | ||
| 035 | |a (OCoLC)899749528 | ||
| 040 | |a DE-627 |b ger |c DE-627 |e rakwb | ||
| 041 | |a ger | ||
| 044 | |c XA-DE |c XA-DE-SN | ||
| 082 | 0 | |a 363.2072 |q DE-101 |2 22/ger | |
| 082 | 0 | 4 | |a 360 |q DE-101 |
| 084 | |a 3,7 |2 ssgn | ||
| 084 | |a MR 3000 |q BVB |2 rvk |0 (DE-625)rvk/123500: | ||
| 084 | |a MS 6850 |2 rvk |0 (DE-625)rvk/123769: | ||
| 084 | |a 70.99 |2 bkl | ||
| 100 | 1 | |a Sterbling, Anton |d 1953- |0 (DE-588)118192140 |0 (DE-627)079297129 |0 (DE-576)164510826 |4 aut | |
| 109 | |a Sterbling, Anton 1953- | ||
| 245 | 1 | 0 | |a Polizeiwissenschaft, Sprachwissenschaft und Sozialwissenschaften |b Fragen der disziplinären Identität und Interdisziplinarität |c Anton Sterbling |
| 264 | 1 | |a Rothenburg/Oberlausitz |b Eigenverl. der Hochschule der Sächsischen Polizei (FH) |c 2014 | |
| 300 | |a 209 S | ||
| 336 | |a Text |b txt |2 rdacontent | ||
| 337 | |a ohne Hilfsmittel zu benutzen |b n |2 rdamedia | ||
| 338 | |a Band |b nc |2 rdacarrier | ||
| 490 | 1 | |a Rothenburger Beiträge |v 72 | |
| 583 | 1 | |a Archivierung/Langzeitarchivierung gewährleistet |f PESN |x XA-DE-SN |2 pdager |5 DE-14 | |
| 689 | 0 | 0 | |d s |0 (DE-588)4046623-1 |0 (DE-627)106197452 |0 (DE-576)209070285 |a Polizeiwissenschaft |2 gnd |
| 689 | 0 | 1 | |d s |0 (DE-588)4449808-1 |0 (DE-627)226987299 |0 (DE-576)212185314 |a Interdisziplinarität |2 gnd |
| 689 | 0 | |5 (DE-627) | |
| 830 | 0 | |a Rothenburger Beiträge |v 72 |9 72 |w (DE-627)378129244 |w (DE-576)083845305 |w (DE-600)2133548-5 |x 1439-393X |7 am | |
| 856 | 4 | 2 | |u https://swbplus.bsz-bw.de/bsz422857750inh.htm |m B:DE-576;DE-Frei85 |q application/pdf |v 20150115092807 |x Verlag |3 Inhaltsverzeichnis |7 1 |
| 935 | |i Blocktest | ||
| 936 | r | v | |a MR 3000 |b Allgemeine Darstellungen |k Soziologie |k Sozialwissenschaftliche Theorien und Methoden |k Das Verhältnis der Soziologie zu anderen Wissenschaften |k Allgemeine Darstellungen |0 (DE-627)1271427974 |0 (DE-625)rvk/123500: |0 (DE-576)201427974 |
| 936 | r | v | |a MS 6850 |b Gericht, Richter, Rechtsprechung, Polizei |k Soziologie |k Spezielle Soziologien |k Rechtssoziologie |k Gericht, Richter, Rechtsprechung, Polizei |0 (DE-627)1271441527 |0 (DE-625)rvk/123769: |0 (DE-576)201441527 |
| 936 | b | k | |a 70.99 |j Sozialwissenschaften allgemein: Sonstiges |0 (DE-627)106411381 |
| 951 | |a BO | ||
| ELC | |b 1 | ||
| LOK | |0 000 xxxxxcx a22 zn 4500 | ||
| LOK | |0 001 3168509795 | ||
| LOK | |0 003 DE-627 | ||
| LOK | |0 004 812810120 | ||
| LOK | |0 005 20150416154755 | ||
| LOK | |0 008 150416||||||||||||||||ger||||||| | ||
| LOK | |0 040 |a DE-21-110 |c DE-627 |d DE-21-110 | ||
| LOK | |0 689 |a s |a Polizeiwissenschaft | ||
| LOK | |0 689 |a s |a Forschung | ||
| LOK | |0 689 |a s |a Soziologie | ||
| LOK | |0 689 |a s |a Politische Bildung | ||
| LOK | |0 689 |a s |a Wandel | ||
| LOK | |0 689 |a g |a Europa | ||
| LOK | |0 689 |a s |a Interdisziplinarität | ||
| LOK | |0 852 |a DE-21-110 | ||
| LOK | |0 852 1 |c S 168 72 |m p |9 00 | ||
| LOK | |0 938 |a 1504 | ||
| LOK | |0 938 |k p | ||
| LOK | |0 939 |a 16-04-15 |b l01 | ||
| ORI | |a SA-MARC-krimdoka001.raw | ||
| SIG | |a IFK: S 168 72 | ||
